<?xml version="1.0" encoding="UTF-8"?>
<record
    xmlns:xsi="http://www.w3.org/2001/XMLSchema-instance"
    xsi:schemaLocation="http://www.loc.gov/MARC21/slim http://www.loc.gov/standards/marcxml/schema/MARC21slim.xsd"
    xmlns="http://www.loc.gov/MARC21/slim">

  <leader>00684nam a22002057a 4500</leader>
  <controlfield tag="003">OSt</controlfield>
  <controlfield tag="005">20250401160710.0</controlfield>
  <controlfield tag="008">250401b        |||||||| |||| 00| 0 eng d</controlfield>
  <datafield tag="020" ind1=" " ind2=" ">
    <subfield code="a">9781032605371</subfield>
  </datafield>
  <datafield tag="040" ind1=" " ind2=" ">
    <subfield code="c">AIMIT Library</subfield>
  </datafield>
  <datafield tag="082" ind1=" " ind2=" ">
    <subfield code="a">005.768</subfield>
    <subfield code="b">RAJP</subfield>
  </datafield>
  <datafield tag="245" ind1=" " ind2=" ">
    <subfield code="a">The internet of things and big data analytics :</subfield>
    <subfield code="b">integrated platforms and industry use cases / </subfield>
    <subfield code="c">Edited by Pethuru Raj...[et.al.]</subfield>
  </datafield>
  <datafield tag="260" ind1=" " ind2=" ">
    <subfield code="a">UK ,</subfield>
    <subfield code="b">CRC Press :</subfield>
    <subfield code="c">2020.</subfield>
  </datafield>
  <datafield tag="300" ind1=" " ind2=" ">
    <subfield code="a">xiii,323p. ;</subfield>
    <subfield code="b">23cm.</subfield>
  </datafield>
  <datafield tag="700" ind1=" " ind2=" ">
    <subfield code="a">Raj, Pethuru.</subfield>
    <subfield code="e">Editor</subfield>
    <subfield code="9">207238</subfield>
  </datafield>
  <datafield tag="700" ind1=" " ind2=" ">
    <subfield code="a">Poongodi, T.</subfield>
    <subfield code="e">Editor</subfield>
    <subfield code="9">207239</subfield>
  </datafield>
  <datafield tag="700" ind1=" " ind2=" ">
    <subfield code="a">Balusamy, Balamurugan.</subfield>
    <subfield code="e">Editor</subfield>
    <subfield code="9">207240</subfield>
  </datafield>
  <datafield tag="700" ind1=" " ind2=" ">
    <subfield code="a">Khari, Manju.</subfield>
    <subfield code="e">Editor</subfield>
    <subfield code="9">207241</subfield>
  </datafield>
  <datafield tag="942" ind1=" " ind2=" ">
    <subfield code="2">ddc</subfield>
    <subfield code="c">BK</subfield>
  </datafield>
  <datafield tag="999" ind1=" " ind2=" ">
    <subfield code="c">234068</subfield>
    <subfield code="d">234068</subfield>
  </datafield>
  <datafield tag="952" ind1=" " ind2=" ">
    <subfield code="0">0</subfield>
    <subfield code="1">0</subfield>
    <subfield code="2">ddc</subfield>
    <subfield code="4">0</subfield>
    <subfield code="7">0</subfield>
    <subfield code="8">MCA</subfield>
    <subfield code="a">AIMIT</subfield>
    <subfield code="b">AIMIT</subfield>
    <subfield code="d">2025-04-01</subfield>
    <subfield code="e">Biblio Book Point</subfield>
    <subfield code="g">1495.00</subfield>
    <subfield code="i">Bill no:7043; Bill dt:2025-02-27</subfield>
    <subfield code="l">1</subfield>
    <subfield code="o">005.768 RAJP</subfield>
    <subfield code="p">MCA17334</subfield>
    <subfield code="q">2025-05-05</subfield>
    <subfield code="r">2025-04-05 10:27:53</subfield>
    <subfield code="s">2025-04-05</subfield>
    <subfield code="v">1196.00</subfield>
    <subfield code="w">2025-04-01</subfield>
    <subfield code="y">BK</subfield>
  </datafield>
</record>
